FlyPE - автоматическое устройство диагностики электрических сетей. Описание технологии и проработка концепций; Молодежь и современные информационные технологии

Bibliographic Details
Parent link:Молодежь и современные информационные технологии.— 2018.— [С. 118-119]
Main Author: Мяхор Д. А.
Corporate Author: Томский политехнический университет (ТПУ)
Other Authors: Александрова Т. В. Татьяна Викторовна (научный руководитель)
Summary:Заглавие с титульного экрана
Language:Russian
Published: 2018
Series:Автоматизация и управление в технических системах
Subjects:
Online Access:http://earchive.tpu.ru/handle/11683/46555
Format: Electronic Book Chapter
KOHA link:https://koha.lib.tpu.ru/cgi-bin/koha/opac-detail.pl?biblionumber=626237

MARC

LEADER 00000naa2a2200000 4500
001 626237
005 20231101133412.0
035 |a (RuTPU)RU\TPU\conf\25590 
035 |a RU\TPU\conf\25587 
090 |a 626237 
100 |a 20180222d2018 k y0rusy50 ca 
101 0 |a rus 
102 |a RU 
105 |a y z 101zy 
135 |a drcn ---uucaa 
181 0 |a i  
182 0 |a b 
200 1 |a FlyPE - автоматическое устройство диагностики электрических сетей. Описание технологии и проработка концепций  |f Д. А. Мяхор  |g науч. рук. Т. В. Александрова 
203 |a Текст  |c электронный 
225 1 |a Автоматизация и управление в технических системах 
230 |a 1 компьютерный файл (pdf; 374 Кb) 
300 |a Заглавие с титульного экрана 
320 |a [Библиогр.: с. 119 (3 назв.)] 
463 0 |0 (RuTPU)RU\TPU\conf\25518  |t Молодежь и современные информационные технологии  |o сборник трудов XV Международной научно-практической конференции студентов, аспирантов и молодых учёных, 04-07 декабря 2017 г., г. Томск  |f Национальный исследовательский Томский политехнический университет, Инженерная школа информационных технологий и робототехники ; под ред. С. С. Михалевич [и др.]  |v [С. 118-119]  |d 2018 
610 1 |a электронный ресурс 
610 1 |a труды учёных ТПУ 
610 1 |a автоматические устройства 
610 1 |a диагностика 
610 1 |a электрические сети 
610 1 |a технология 
610 1 |a электроснабжение 
610 1 |a диагностические комплексы 
610 1 |a осмотры 
610 1 |a ЛЭП 
610 1 |a линии электропередачи 
610 1 |a колесные роботы 
700 1 |a Мяхор  |b Д. А. 
702 1 |a Александрова  |b Т. В.  |c специалист в области автоматического управления  |c ассистент Томского политехнического университета  |f 1976-  |g Татьяна Викторовна  |2 stltpush  |4 727 
712 0 2 |a Томский политехнический университет (ТПУ)  |c (1991-2009)  |2 stltpush  |3 (RuTPU)RU\TPU\col\376 
801 2 |a RU  |b 63413507  |c 20201229  |g RCR 
856 4 |u http://earchive.tpu.ru/handle/11683/46555 
942 |c BK